Colombia, diversidad biótica / (Registro nro. 7510)
[ vista simple ]
| 000 -LEADER | |
|---|---|
| fixed length control field | 01504cam a2200277 a 4500 |
| 001 - CONTROL NUMBER | |
| control field | 4028591 |
| 003 - CONTROL NUMBER IDENTIFIER | |
| control field | OSt |
| 005 - DATE AND TIME OF LATEST TRANSACTION | |
| control field | 20210309154947.0 |
| 008 - FIXED-LENGTH DATA ELEMENTS--GENERAL INFORMATION | |
| fixed length control field | 971113m19959999ck ab b 001 0 spa |
| 020 ## - INTERNATIONAL STANDARD BOOK NUMBER | |
| International Standard Book Number | 9586081257 (v. 2) |
| 040 ## - CATALOGING SOURCE | |
| Original cataloging agency | DLC |
| Transcribing agency | CO-JMCR |
| Modifying agency | DLC |
| 041 0# - LANGUAGE CODE | |
| Language code of text/sound track or separate title | spa |
| Language code of summary or abstract | eng |
| 082 04 - DEWEY DECIMAL CLASSIFICATION NUMBER | |
| Classification number | 574.526861 / |
| Item number | R196c |
| Edition number | 23 |
| 100 1# - MAIN ENTRY--PERSONAL NAME | |
| Personal name | Rangel Ch., J. Orlando, |
| Relator term | autor |
| 9 (RLIN) | 14616 |
| 245 10 - TITLE STATEMENT | |
| Title | Colombia, diversidad biótica / |
| Statement of responsibility, etc. | J. Orlando Rangel Ch., Petter David Lowy C., Mauricio Aguilar Puentes |
| 260 ## - PUBLICATION, DISTRIBUTION, ETC. | |
| Place of publication, distribution, etc. | Santafé de Bogotá, D.C. : |
| Name of publisher, distributor, etc. | Instituto de Ciencias Naturales, Universidad Nacional de Colombia : |
| Date of publication, distribution, etc. | 1997. |
| 300 ## - PHYSICAL DESCRIPTION | |
| Extent | 436 páginas : |
| Other physical details | ilustraciones, mapas y gráficos a blanco y negro ; |
| Dimensions | 24 cm. |
| 504 ## - BIBLIOGRAPHY, ETC. NOTE | |
| Bibliography, etc. note | Includes bibliographical references. |
| 505 0# - FORMATTED CONTENTS NOTE | |
| Statement of responsibility | El estudio de la vegetación en Colombia / |
| Title | Thomas Van der Hammen , |
| -- | J. Orlando Rangel-Ch. -- |
| Statement of responsibility | Métodos de estudio de la vegetación / |
| Title | J. Orlando Rangel-Ch , |
| -- | Alejandro Velázquez -- |
| Statement of responsibility | Tipos de vegetación en Colombia / |
| Title | J. Orlando Rangel-Ch, |
| -- | Petter D. Lowy-C., |
| -- | Mauricio Aguilar-P., |
| -- | Aida Garzón- C. |
| Statement of responsibility | La distribución de los tipos de vegetación en las regiones naturales de Colombia / |
| Title | J. Orlando Rangel-Ch, |
| -- | Petter D. Lowy-C., |
| -- | Mauricio Aguilar-P., |
| 546 ## - LANGUAGE NOTE | |
| Language note | Abstracts also in English. |
| 650 14 - SUBJECT ADDED ENTRY--TOPICAL TERM | |
| Topical term or geographic name entry element | Biodiversidad |
| Geographic subdivision | Colombia. |
| 9 (RLIN) | 14617 |
| 650 14 - SUBJECT ADDED ENTRY--TOPICAL TERM | |
| Topical term or geographic name entry element | Vegetación |
| Geographic subdivision | Colombia |
| 9 (RLIN) | 14618 |
| 700 1# - ADDED ENTRY--PERSONAL NAME | |
| Personal name | Lowy C., Petter David. |
| Relator term | autor |
| 9 (RLIN) | 14619 |
| 700 1# - ADDED ENTRY--PERSONAL NAME | |
| Personal name | Aguilar Puentes, Mauricio. |
| Relator term | autor |
| 9 (RLIN) | 14620 |
| 942 ## - ADDED ENTRY ELEMENTS (KOHA) | |
| Source of classification or shelving scheme | Dewey Decimal Classification |
| Koha item type | Books |
| Withdrawn status | Lost status | Source of classification or shelving scheme | Damaged status | Not for loan | Home library | Current library | Shelving location | Date acquired | Source of acquisition | Total Checkouts | Full call number | Barcode | Date last seen | Copy number | Price effective from | Koha item type |
|---|---|---|---|---|---|---|---|---|---|---|---|---|---|---|---|---|
| Dewey Decimal Classification | Biblioteca Pública José María del Castillo y Rada | Biblioteca Pública José María del Castillo y Rada | General Stacks | Donación | 574.526861 / R196c | 201810757 | 05/16/2024 | Ej.1 | Books |